[Event "Politiken Cup"]
[Site "Copenhagen"]
[Date "1999.07.05"]
[Round "3"]
[White "Hillarp Persson, Tiger"]
[Black "Larsen, Karsten"]
[Result "1-0"]
[WhiteElo "2507"]
[BlackElo "2281"]

1.d4 Nf6 2.c4 g6 3.Nc3 Bg7 4.e4 d6 5.Be2 O-O 6.Nf3 e5 7.O-O Nc6 8.d5 Ne7
9.Bg5 h6 10.Bxf6 Bxf6 11.b4 Bg7 12.c5 f5 13.Nd2 fxe4 14.Ndxe4 Nf5 15.Bg4 h5
16.Bh3 Bh6 17.Bxf5 gxf5 18.Qxh5 Kh7 19.Ng3 f4 20.Nge4 f3 21.h4 Rf4 22.Ng5+ Kg7
23.g3 Bg4 24.Ne6+ Bxe6 25.dxe6 Qg8 26.Nd5 Qxe6 27.Nxf4 Bxf4 28.Qxf3  1-0

[Event "SVK-ch"]
[Site "Nove Zamky"]
[Date "1999.07.05"]
[Round "3"]
[White "Hlas, Jan"]
[Black "Mrva, Martin"]
[Result "0-1"]
[WhiteElo "2118"]
[BlackElo "2441"]

1.d4 Nf6 2.c4 g6 3.Nc3 Bg7 4.e4 d6 5.Nf3 O-O 6.Be2 e5 7.O-O Nc6 8.d5 Ne7
9.Ne1 Nd7 10.Be3 f5 11.f3 f4 12.Bf2 g5 13.Rc1 Ng6 14.c5 Nxc5 15.b4 Na6 16.Nb5 Bd7
17.a3 h5 18.Nxa7 Qb8 19.Bb5 Rf7 20.Bxd7 Rxd7 21.Nb5 Bf6 22.Nd3 Rg7 23.Nc3 b6
24.a4 Qe8 25.a5 bxa5 26.bxa5 Kh8 27.Kh1 Ne7 28.Na2 g4 29.Be1 Qd7 30.Nab4 Nxb4
31.Bxb4 Rag8 32.Qc2 Nc8 33.Rg1 Na7 34.Bd2 gxf3 35.gxf3 Qh3 36.Rxg7 Qxf3+  0-1

[Event "SVK-ch"]
[Site "Nove Zamky"]
[Date "1999.07.06"]
[Round "4"]
[White "Galvanek, Ladislav"]
[Black "Hagarova, Zuzana"]
[Result "0-1"]
[WhiteElo "2144"]
[BlackElo "2328"]

1.d4 Nf6 2.c4 g6 3.Nc3 Bg7 4.e4 d6 5.Be2 O-O 6.Nf3 e5 7.O-O Nc6 8.d5 Ne7
9.Ne1 Nd7 10.Be3 f5 11.f3 f4 12.Bf2 g5 13.a4 Ng6 14.a5 Nf6 15.b4 h5 16.h3 Rf7
17.c5 Bf8 18.c6 Rh7 19.cxb7 Bxb7 20.b5 Bc8 21.Rb1 Qe7 22.Nd3 g4 23.fxg4 hxg4
24.Bxg4 Nxg4 25.hxg4 Qg5 26.Ne1 Qh6 27.Bxa7 Qh2+ 28.Kf2 Rxa7  0-1

[Event "Budapest FS07 IM"]
[Site "Budapest"]
[Date "1999.07.07"]
[Round "5"]
[White "Fordan, Tibor"]
[Black "Toth, Andras"]
[Result "0-1"]
[WhiteElo "2272"]
[BlackElo "2297"]

1.d4 Nf6 2.c4 g6 3.Nc3 Bg7 4.e4 d6 5.Nf3 O-O 6.Be2 e5 7.O-O Nc6 8.d5 Ne7
9.Nd2 a5 10.a3 Bd7 11.b3 c6 12.dxc6 Nxc6 13.Nb5 Be6 14.Bf3 Qe7 15.a4 Nd7
16.Nc7 Rad8 17.Nxe6 Qxe6 18.Nb1 Nd4 19.Nc3 Kh8 20.Nb5 Nc5 21.Rb1 Nxb5 22.axb5 f5
23.exf5 gxf5 24.Bd5 Qg6 25.Be3 Rd7 26.b4 axb4 27.Rxb4 e4 28.f4 Ra8 29.Bxc5 dxc5
30.Rb3 Ra1 31.Qxa1 Bxa1 32.Rxa1 Rd8 33.Re3 Qg7 34.Rd1 Rd6 35.Ra3 h5 36.Rg3 Qb2
37.Re1 Qd2 38.Rge3 b6 39.g3 Rd7 40.R1e2 Qd4 41.Kg2 Ra7 42.Be6 Qf6 43.Bd5 Kg7
44.h3 Ra1 45.Rd2 Rb1 46.Ra3 Rb2 47.Ra2 Rxd2+ 48.Rxd2 Qc3 49.Rf2 Qd3 50.h4 Kf6
51.Ra2 e3 52.Rb2 e2 53.Kf2 Qd4+ 54.Kxe2 Qxb2+ 55.Kf3 Qd2 56.Bg8 Ke7 57.Bd5 Kd6
58.Bg8 Qe1 59.Kg2 Qe2+ 60.Kg1 Qf3 61.Kh2 Qf2+ 62.Kh3 Qg1 63.Bd5 Ke7 64.Bg2 Qd1
65.Bd5 Qxd5 66.cxd5 c4  0-1

[Event "SVK-ch"]
[Site "Nove Zamky"]
[Date "1999.07.07"]
[Round "5"]
[White "Markos, Jan"]
[Black "Mrva, Martin"]
[Result "0-1"]
[WhiteElo "2248"]
[BlackElo "2441"]

1.d4 Nf6 2.c4 g6 3.Nc3 Bg7 4.e4 d6 5.Nf3 O-O 6.Be2 e5 7.O-O Nc6 8.d5 Ne7
9.b4 Nd7 10.Be3 a5 11.a3 f5 12.Ng5 Nf6 13.Bf3 f4 14.Bd2 axb4 15.axb4 Rxa1
16.Qxa1 h6 17.Ne6 Bxe6 18.dxe6 Qc8 19.Nd5 Qxe6 20.Qa7 Nexd5 21.cxd5 Qc8 22.Rc1 g5
23.Qa5 b6 24.Qa7 Rf7 25.g4 Nxe4 26.Bxe4 Qxg4+ 27.Kf1 f3 28.Bd3 e4 29.Bb5 Bd4
30.Qa8+ Kg7 31.Qa6 Qg2+ 32.Ke1 Qxf2+ 33.Kd1 e3 34.Be1 Qxh2 35.Be8 f2 36.Bxf7 fxe1=Q+  0-1

[Event "Budapest FS07 IM"]
[Site "Budapest"]
[Date "1999.07.09"]
[Round "7"]
[White "Pham Minh Hoang"]
[Black "Toth, Andras"]
[Result "1-0"]
[WhiteElo "2421"]
[BlackElo "2297"]

1.c4 g6 2.Nc3 Bg7 3.e4 d6 4.d4 Nf6 5.Be2 O-O 6.Nf3 e5 7.O-O Nc6 8.d5 Ne7
9.Ne1 Nd7 10.Be3 f5 11.f3 f4 12.Bf2 g5 13.Rc1 h5 14.Nd3 Nf6 15.c5 g4 16.Nb5 g3
17.hxg3 fxg3 18.Bxg3 Ng6 19.cxd6 cxd6 20.Nc7 Rb8 21.Bf2 b6 22.Qd2 h4 23.Qg5 Kh7
24.Be3 Rh8 25.Nb4 Rb7 26.Ne6 Qe8 27.Ba6 Bxe6 28.Bxb7 Bd7 29.Rc7 Kg8 30.Rfc1 Qf7
31.Nc6 Rh5 32.Qxg6  1-0

[Event "Budapest FS07 IM"]
[Site "Budapest"]
[Date "1999.07.09"]
[Round "7"]
[White "Friedrichs, Klaus"]
[Black "Farago, Sandor"]
[Result "1-0"]
[WhiteElo "2148"]
[BlackElo "2295"]

1.d4 Nf6 2.c4 g6 3.Nc3 Bg7 4.e4 d6 5.Nf3 O-O 6.Be2 e5 7.O-O Nc6 8.d5 Ne7
9.Ne1 Ne8 10.Be3 f5 11.f3 Kh8 12.a4 Ng8 13.c5 Bh6 14.Bf2 Ngf6 15.Nd3 Nh5
16.a5 a6 17.Ra4 Nef6 18.Rc4 Rf7 19.cxd6 cxd6 20.Na4 Bd7 21.Nb6 Bb5 22.Rb4 Rb8
23.g3 Qe7 24.Ne1 Bxe2 25.Qxe2 Rbf8 26.Rc4 Kg7 27.Nd3 Ne8 28.exf5 Rxf5 29.f4 Kg8
30.Be3 Bg7 31.fxe5 dxe5 32.Bc5 Nd6 33.Nc8 Rxc8 34.Bxd6 Qe8 35.Rxc8 Qxc8 36.Nc5 Rg5
37.Ne6 Rf5 38.Qd2 Qd7 39.Bb4 Nf6 40.Rd1 e4 41.Nxg7 Rxd5 42.Ne8 Qxe8 43.Qc2 Qe6
44.Bc3 Rxd1+ 45.Qxd1 Qd5 46.Qe2 Nd7 47.Qe3 Nf8 48.Qf4 Qc5+ 49.Kg2 Qe7 50.Kf2 Qc5+
51.Kg2 Qc6 52.Kf2 Nd7 53.Ke3 Nc5 54.Qe5 Kf7 55.Qg7+ Ke6 56.Qxh7 Kd5 57.Qf7+ Ne6
58.Qxg6 Qc5+ 59.Ke2 Qc4+ 60.Ke1 Kd6  1-0

[Event "NOR-ch"]
[Site "Gausdal"]
[Date "1999.07.09"]
[Round "8"]
[White "Fyllingen, Roy Harald"]
[Black "Djurhuus, Rune"]
[Result "0-1"]
[WhiteElo "2410"]
[BlackElo "2483"]

1.d4 Nf6 2.c4 g6 3.Nc3 Bg7 4.e4 d6 5.Nf3 O-O 6.Be2 e5 7.O-O Nc6 8.d5 Ne7
9.b4 Nh5 10.Re1 f5 11.Ng5 Nf4 12.Bxf4 exf4 13.Rc1 Bf6 14.Ne6 Bxe6 15.dxe6 Bxc3
16.Rxc3 fxe4 17.Bf1 e3 18.fxe3 Nc6 19.exf4 Rxf4 20.b5 Ne5 21.g3 Rf6 22.Bg2 c6
23.c5 Qa5 24.Rce3 Nc4 25.Qd4 Nxe3 26.Rxe3 Rf5 27.e7 Qxb5 28.e8=Q+ Rxe8 29.Rxe8+ Kf7
30.Qe3 Qb1+ 31.Qe1 Qxe1+ 32.Rxe1 Rxc5 33.Re2 a5 34.Kf2 Kf6 35.Ke1 Re5 36.Kd2 Rxe2+
37.Kxe2 Ke5 38.Kd3 d5 39.a4 b5 40.axb5 cxb5 41.Bh3 a4 42.Bd7 a3 43.Kc2 b4
44.Ba4 d4 45.Bb3 Ke4 46.Kd2 h5 47.h3 Kf3 48.g4 hxg4 49.hxg4 Kxg4 50.Kd3 Kf4
51.Kxd4 g5 52.Kc5 g4 53.Kxb4 g3  0-1

[Event "SVK-ch"]
[Site "Nove Zamky"]
[Date "1999.07.10"]
[Round "8"]
[White "Babula, Vlastimil"]
[Black "Hagarova, Zuzana"]
[Result "1-0"]
[WhiteElo "2567"]
[BlackElo "2328"]

1.d4 Nf6 2.c4 g6 3.Nc3 Bg7 4.e4 d6 5.Nf3 O-O 6.Be2 e5 7.O-O Nc6 8.d5 Ne7
9.b4 a5 10.Ba3 Nh5 11.c5 axb4 12.Bxb4 Nf4 13.Nb5 c6 14.cxd6 Nexd5 15.Nc7 Nxb4
16.Nxa8 Bf5 17.Nd2 Qg5 18.g3 Nxe2+ 19.Qxe2 Bg4 20.f3 Bh3 21.Nb6 Nc2 22.Rab1 Nd4
23.Qd3 h5 24.Ndc4 h4 25.Qe3 Qxe3+ 26.Nxe3 Bxf1 27.Rxf1 hxg3 28.hxg3 Rd8 29.Nec4 Bf8
30.d7 Bc5 31.Kg2 Kf8 32.Rb1 Bxb6 33.Rxb6 Rxd7 34.Nxe5 Re7 35.Nc4 Ne6 36.a4 Nc5
37.a5 Rd7 38.e5 Rd4 39.Nd6 Ra4 40.Nxb7 Nxb7 41.Rxb7 Rxa5 42.f4 g5 43.Kh3 gxf4
44.gxf4 Ra1 45.Kg4 Rg1+ 46.Kf5 Rg6 47.Rc7 Ke8 48.Ke4 Rh6 49.Ra7 Rh3 50.Ra6 Rh6
51.Ra8+ Ke7 52.Ra7+ Ke8 53.Rc7 Rg6 54.Rc8+ Kd7 55.Rh8 Ke7 56.Kf5 Re6 57.Rh4 Rg6
58.Ke4 Rg1 59.Rh6 Rg6 60.Rh7 Rg1 61.Rh8 Rg2 62.Rc8 Kd7 63.Ra8 Ke7 64.Ra7+ Ke8
65.Rc7 Rg6 66.f5 Rg4+ 67.Kd3 Rg5 68.Ke4 Rg4+ 69.Kf3 Rc4 70.Ke3 Rc5 71.Kf4 Kf8
72.f6 Ke8 73.Re7+ Kf8 74.Ra7 Ke8 75.Ra8+ Kd7 76.Rf8 Ke6 77.Re8+ Kd5 78.e6 fxe6
79.f7 Rc1 80.f8=Q Rf1+ 81.Ke3  1-0

[Event "SVK-ch"]
[Site "Nove Zamky"]
[Date "1999.07.10"]
[Round "8"]
[White "Csala, Jan"]
[Black "Szegi, Tamas"]
[Result "1/2-1/2"]
[WhiteElo "2202"]
[BlackElo "2092"]

1.d4 Nf6 2.c4 g6 3.Nc3 Bg7 4.e4 d6 5.Nf3 O-O 6.Be2 e5 7.O-O Nc6 8.d5 Ne7
9.Ne1 Nd7 10.f3 f5 11.Nd3 a5 12.Bd2 f4 13.g4 g5 14.Kg2 h5 15.h3 Ng6 16.Be1 c6
17.Bf2 Kf7 18.Rh1 Rh8 19.a3 Nb6 20.Qb3 c5 21.Nxc5 dxc5 22.Bxc5 Ra6 23.Bf2 hxg4
24.hxg4 Nh4+ 25.Bxh4 gxh4  1/2-1/2

[Event "Budapest FS07 IM"]
[Site "Budapest"]
[Date "1999.07.11"]
[Round "9"]
[White "Fordan, Tibor"]
[Black "Farago, Sandor"]
[Result "1-0"]
[WhiteElo "2272"]
[BlackElo "2295"]

1.d4 Nf6 2.c4 g6 3.Nc3 Bg7 4.e4 d6 5.Nf3 O-O 6.Be2 e5 7.O-O Nc6 8.d5 Ne7
9.Nd2 Ne8 10.b4 f5 11.f3 c6 12.Qb3 Kh8 13.a4 a5 14.bxa5 Qxa5 15.Rb1 Bh6 16.Qc2 Be3+
17.Kh1 Bd4 18.Bb2 c5 19.Nb5 Qd8 20.f4 Nf6 21.fxe5 dxe5 22.Nxd4 cxd4 23.Nf3 fxe4
24.Nxe5 Nf5 25.Rxf5 gxf5 26.Bxd4 Qe7 27.c5 Qg7 28.Nc4 f4 29.Nb6 Rb8 30.Nxc8 Rbxc8
31.Rb6 Rf7 32.Bh5 Nxh5 33.Bxg7+ Nxg7 34.c6 bxc6 35.Rxc6 Re8 36.Rc8 Rff8 37.Rxe8 Rxe8
38.d6 Kg8 39.Qc4+ Kf8 40.d7 Rd8 41.Qxe4 Rxd7 42.Qxf4+ Ke7 43.h3 Ne6 44.Qb4+ Kd8
45.a5 Nc7 46.Qf8+ Ne8 47.Kh2 Rd6 48.h4 h5 49.Qh8 Rd5 50.Qa1 Nc7 51.a6 Kc8
52.Qh8+ Kd7 53.a7 Ra5 54.Qb8 Ra4 55.Qb7 Rxh4+ 56.Kg3 Ra4 57.Kf2 h4 58.Ke2 Ra2+
59.Kd1 Ra1+ 60.Kc2 Ra2+ 61.Kb1 Ra4 62.Kb2 Kd8 63.Kb3 Ra1 64.Qb8+ Kd7 65.Qh8 Ra6
66.Qxh4 Kc6 67.Qd4 Kb7 68.g4 Rxa7 69.g5 Ra3+ 70.Kc2 Rg3 71.Qe5 Rg2+ 72.Kd1 Kc8
73.Qf5+ Kd8 74.g6 Rg1+ 75.Ke2 Ne8 76.Qd5+ Ke7 77.Qc5+  1-0

[Event "Politiken Cup"]
[Site "Copenhagen"]
[Date "1999.07.11"]
[Round "8"]
[White "Jorgensen, Michael"]
[Black "Bogdanov, Dimitri"]
[Result "1-0"]
[WhiteElo "2274"]
[BlackElo "2175"]

1.d4 Nf6 2.c4 g6 3.Nc3 Bg7 4.e4 d6 5.Nf3 O-O 6.Be2 e5 7.O-O Nc6 8.d5 Ne7
9.b4 Ne8 10.c5 f5 11.Ng5 Kh8 12.Bf3 a5 13.cxd6 Nxd6 14.bxa5 Rxa5 15.Re1 h6
16.Ne6 Bxe6 17.dxe6 Qc8 18.Qb3 Nc6 19.exf5 gxf5 20.Bxc6 bxc6 21.f4 e4 22.Bb2 Qb8
23.Qc2 Nc4 24.Rab1 Qa7+ 25.Kh1 Nxb2 26.Rxb2 Qd4 27.Nd1 Qd5 28.e7 Re8 29.Ne3 Qe6
30.Rb3 Rxe7 31.Rc1 Rd7 32.h3 c5 33.Rb8+ Kh7 34.Nc4 Ra7 35.Rd1 Rd4 36.Ne5 Bxe5
37.Qxc5 Rxa2 38.fxe5 Rd7 39.Qf8 Rg7 40.Re8 Qc6 41.Qh8+ Kg6 42.Rf8 Rxg2 43.Rf6+ Qxf6
44.exf6 Kxf6 45.Qxh6+ R2g6 46.Qh4+ Ke6 47.Rc1 c5 48.Rc2 c4 49.Qh8 Rg3 50.Kh2 c3
51.Ra2 Kd5 52.Qf8 Ke5 53.Rf2 Kd4 54.Qxf5 Kd3 55.Qb5+ Ke3 56.Rc2 Kd4 57.Qb4+ Ke5
58.Re2 e3 59.Qxc3+ Kf4 60.Qd4+ Kf3 61.Qxe3+  1-0

[Event "Southern Californian-ch"]
[Site "Los Angeles"]
[Date "1999.07.11"]
[Round "3"]
[White "Ambarcumjan, Armen"]
[Black "Lee, Dan"]
[Result "1-0"]
[WhiteElo "2359"]
[BlackElo "2211"]

1.d4 Nf6 2.c4 g6 3.Nc3 Bg7 4.e4 d6 5.Nf3 O-O 6.Be2 e5 7.O-O Nc6 8.d5 Ne7
9.Nd2 a5 10.a3 Nd7 11.Rb1 f5 12.b4 Kh8 13.Qc2 Ng8 14.exf5 gxf5 15.f4 Ne7
16.Nf3 c6 17.dxc6 bxc6 18.Rd1 axb4 19.axb4 Qc7 20.Be3 Ng6 21.fxe5 dxe5 22.b5 e4
23.b6 Qb8 24.b7 Bxb7 25.Rxd7 exf3 26.Bxf3 Qe8 27.Qd2 Bc8 28.Rc7 Ne5 29.Bd4 Rg8
30.Bh5 Qxh5 31.Rxg7 Nf3+ 32.gxf3 Rxg7+ 33.Bxg7+ Kxg7 34.Qd4+ Kf7 35.Qf4 Bd7
36.Kf2 Re8 37.Ne4 Ra8 38.Ng5+ Kg8 39.Qg3 Qg6 40.Rb8+ Rxb8 41.Qxb8+ Kg7 42.Qe5+ Kg8
43.f4 h6 44.Nf3 Qe6 45.c5 Kh7 46.Qb8 Be8 47.Qc7+ Kh8 48.Qe5+ Qxe5 49.fxe5 Kg7
50.Kg3 Kf7 51.Nd4 Bd7 52.Kf4 Kg6 53.h4 h5 54.e6 Be8 55.Ke5 f4 56.Nf3 Kg7
57.Ng5 Bg6 58.e7 Be8 59.Ke6 Kg6 60.Nf3 Kg7 61.Ne5 Kg8 62.Kd6 Kg7 63.Kc7  1-0

[Event "Paris-ch"]
[Site "Paris"]
[Date "1999.07.17"]
[Round "1"]
[White "Troffiguer, Olivier"]
[Black "Kruppa, Yuri"]
[Result "0-1"]
[WhiteElo "2159"]
[BlackElo "2603"]

1.d4 Nf6 2.Nf3 g6 3.c4 Bg7 4.Nc3 O-O 5.e4 d6 6.Be2 e5 7.O-O Nc6 8.d5 Ne7
9.Ne1 Nd7 10.f3 f5 11.g4 Kh8 12.Nd3 h6 13.Be3 fxg4 14.fxg4 Rxf1+ 15.Qxf1 g5
16.Qf7 Nf6 17.h4 Nxg4 18.Bxg4 Bxg4 19.hxg5 h5 20.c5 Qd7 21.c6 bxc6 22.dxc6 Nxc6
23.Qxd7 Bxd7 24.Nb5 Rc8 25.Nxa7 Nxa7 26.Bxa7 c5 27.b3 Bf8 28.Bb6 Be7 29.Nf2 Bxg5
30.a4 Be3 31.Ra2 Bd4 32.a5 Bc6 33.Kh2 Rf8 34.Nh3 Bxe4 35.Ng5 Bd5  0-1

[Event "Biel MTO"]
[Site "Biel"]
[Date "1999.07.20"]
[Round "1"]
[White "Tukmakov, Vladimir B"]
[Black "Joksic, Sinisa"]
[Result "1/2-1/2"]
[WhiteElo "2557"]
[BlackElo "2288"]

1.Nf3 g6 2.c4 Bg7 3.d4 Nf6 4.Nc3 O-O 5.e4 d6 6.Be2 e5 7.O-O Nc6 8.d5 Ne7
9.b4 a5 10.Ba3 Nh5 11.c5 Nf4 12.Nd2 Nxe2+ 13.Qxe2 axb4 14.Bxb4 dxc5 15.Bxc5 b6
16.Bb4 Ba6 17.Nb5 c6 18.dxc6 Nxc6 19.Bxf8 Nd4 20.Qd1 Bxb5 21.Bxg7 Kxg7 22.Re1 Ba4
23.Nb3 Qg5 24.Kh1 Bxb3 25.axb3 Rxa1 26.Qxa1 Nxb3 27.Qb2 Nd4 28.Qxb6 Qd2 29.Rf1 Qe2
30.Qb1 Nc2 31.Kg1 h5 32.h3 h4 33.Rc1 Nd4 34.Re1 Qd2 35.Qd1 Qc3 36.Re3 Qb2
37.Qe1 Qc2 38.Kh2 Qb2 39.Rd3 Qc2 40.Rc3 Qb2 41.Qe3 Ne6 42.Rb3 Qa2 43.Rb5 Qa1
44.Qd2 Nd4 45.Qb2 Qa6 46.Rxe5 Qd6 47.f4 f6 48.Qb7+ Kh6 49.Qd5 Qb6 50.Qc5 Nf3+
51.gxf3 Qb2+ 52.Kg1 fxe5 53.fxe5 Qd2 54.Qf2 Qc1+ 55.Kg2 Qg5+ 56.Kf1 Qc1+
57.Qe1 Qf4 58.Qe2 Qxe5 59.Qd2+ g5 60.Qd5 Qa1+ 61.Ke2 Qb2+ 62.Qd2 Qe5 63.Qd7 Qb2+
64.Ke3 Qc3+ 65.Ke2 Qb2+ 66.Qd2 Qe5 67.Kf1 Qg3 68.Qg2 Qd6 69.Qc2 Qa6+ 70.Kg2 Qd6
71.Kf1 Qa6+ 72.Qe2 Qa1+ 73.Qe1 Qe5 74.Qc1 Qd6 75.Qc3 Qa6+ 76.Kf2 Qa2+ 77.Ke1 Qb1+
78.Kd2 Qa2+ 79.Kc1 Qe6  1/2-1/2

[Event "Biel MTO"]
[Site "Biel"]
[Date "1999.07.20"]
[Round "11"]
[White "Nemet, Ivan"]
[Black "Sundar Rajan, Kidambi"]
[Result "1-0"]
[WhiteElo "2435"]
[BlackElo "2334"]

1.d4 Nf6 2.Nf3 g6 3.c4 Bg7 4.Nc3 O-O 5.e4 d6 6.Be2 e5 7.O-O Nc6 8.d5 Ne7
9.Ne1 Nd7 10.Be3 f5 11.f3 f4 12.Bf2 g5 13.Rc1 Ng6 14.c5 Nxc5 15.b4 Na6 16.Nb5 Rf7
17.Nd3 h5 18.Rc3 Bd7 19.a4 Bh6 20.Kh1 Rg7 21.Be1 Nf8 22.Nf2 Nh7 23.g4 fxg3
24.hxg3 Nf6 25.Bd2 Ne8 26.Qb3 Kh7 27.Kg2 Rg6 28.Rh1 Nf6 29.g4 h4 30.Rhc1 Ne8
31.Be3 Qb8 32.Nh3 Rg7 33.Rc4 c6 34.Na3 Nac7 35.dxc6 bxc6 36.Rxc6 Bxc6 37.Rxc6 Qd8
38.Bc4 Qd7 39.b5 Nf6 40.Qd1 Nce8 41.Be2 Rc8 42.Qc1 Rxc6 43.bxc6 Qc8 44.Qc4 Kg6
45.Nb5 a6 46.Nc3 Nc7 47.Qd3 Qd8 48.Nd5 Nfe8 49.Bb6 Kh7 50.Qxa6 Nxa6 51.Bxd8 Ra7
52.Bb6 Ra8 53.a5 Nb8 54.Bb5 Na6 55.c7  1-0

[Event "Biel MTO"]
[Site "Biel"]
[Date "1999.07.20"]
[Round "11"]
[White "Greenfeld, Alon"]
[Black "Nataf, Igor Alexandre"]
[Result "1/2-1/2"]
[WhiteElo "2538"]
[BlackElo "2504"]

1.d4 Nf6 2.Nf3 g6 3.c4 Bg7 4.Nc3 O-O 5.e4 d6 6.Be2 e5 7.O-O Nc6 8.d5 Ne7
9.b4 Nh5 10.Re1 f5 11.Ng5 Nf6 12.Bf3 c6 13.Be3 Kh8 14.b5 cxd5 15.exd5 Ne8
16.Rc1 h6 17.Ne6 Bxe6 18.dxe6 e4 19.Be2 Nc7 20.Qd2 Ng8 21.Red1 Nxe6 22.Qxd6 Qe8
23.Qd7 b6 24.Qxe8 Rfxe8 25.f4 Red8 26.Nd5 Bf8 27.a4 Bc5 28.Kf2 Ne7 29.Bxc5 Nxd5
30.Bd4+ Nxd4 31.cxd5 Rxd5 32.Ke3 Rad8  1/2-1/2

[Event "Dutch Open"]
[Site "Dieren"]
[Date "1999.07.21"]
[Round "2"]
[White "Van Wely, Loek"]
[Black "Solleveld, Maarten"]
[Result "1-0"]
[WhiteElo "2629"]
[BlackElo "2404"]

1.d4 Nf6 2.c4 g6 3.Nc3 Bg7 4.e4 d6 5.Nf3 O-O 6.Be2 e5 7.O-O Nc6 8.d5 Ne7
9.b4 a5 10.Ba3 axb4 11.Bxb4 b6 12.a4 Ne8 13.Nb5 f5 14.Nd2 c6 15.dxc6 Nxc6
16.Ba3 Be6 17.Bf3 Qd7 18.Qc2 Rc8 19.Nb3 Na7 20.Nxa7 Rxc4 21.Qd3 Qxa7 22.Bxd6 fxe4
23.Bxe4 Nxd6 24.Qxd6 Qf7 25.Qxb6 Rxe4 26.Nc5 Bd5 27.Nxe4 Bxe4 28.Rfd1 Bc2
29.Rd8 h5 30.a5 Rxd8 31.Qxd8+ Kh7 32.a6 Qa7 33.g4 e4 34.Rc1 Bd3 35.Rc7 Qxa6
36.Qd4  1-0

[Event "Komercni Banka op"]
[Site "Pardubice"]
[Date "1999.07.21"]
[Round "6"]
[White "Popov, Valerij"]
[Black "Dimitrov, Vladimir"]
[Result "1-0"]
[WhiteElo "2523"]
[BlackElo "2464"]

1.Nf3 Nf6 2.c4 g6 3.Nc3 Bg7 4.e4 d6 5.d4 O-O 6.Be2 e5 7.O-O Nc6 8.d5 Ne7
9.b4 Kh8 10.c5 Neg8 11.Nd2 Ne8 12.Nc4 f5 13.f3 f4 14.a4 Nh6 15.c6 g5 16.cxb7 Bxb7
17.g4 Ng8 18.Na5 Bc8 19.Nc6 Qf6 20.Nb5 a6 21.Nba7 Bb7 22.b5 axb5 23.Bxb5 h5
24.h3 Qg6 25.a5 Nef6 26.Qe2 Rae8 27.a6 Ba8 28.Nb4 Rb8 29.Bd2 Nh6 30.Nbc6 Rbe8
31.Bd3 Rf7 32.Rab1 Bf8 33.Kg2 Kg8 34.Ba5 Qh7 35.Qd1 Bg7 36.Rb8 Rxb8 37.Nxb8 hxg4
38.hxg4 Nhxg4 39.fxg4 Nxd5 40.Rh1 Ne3+ 41.Kf3 Qg6 42.Qb3 d5 43.exd5 Qf6 44.Bh7+ Kf8
45.Bb4+ Re7 46.Bxe7+ Ke8 47.Bg6+ Qxg6 48.Nbc6 e4+ 49.Ke2  1-0

[Event "Paris-ch"]
[Site "Paris"]
[Date "1999.07.22"]
[Round "6"]
[White "Holcman, Jeremy"]
[Black "Decroix, Roger"]
[Result "1-0"]
[WhiteElo "2081"]
[BlackElo "2214"]

1.d4 Nf6 2.Nf3 g6 3.c4 Bg7 4.Nc3 O-O 5.e4 d6 6.Be2 e5 7.O-O Nc6 8.d5 Ne7
9.b4 a5 10.Ba3 Nh5 11.Re1 Nf4 12.Bf1 f5 13.Nd2 b6 14.bxa5 Rxa5 15.Bb4 Ra8
16.a4 c6 17.dxc6 Nxc6 18.Ba3 Qg5 19.g3 Nd4 20.Kh1 Nfe6 21.Nd5 Bb7 22.Bxd6 Rf7
23.Bg2 f4 24.Nf3 Nxf3 25.Qxf3 Rd8 26.Be7 Rxe7 27.h4 Bxd5 28.hxg5 Bxc4 29.Rac1 Nd4
30.Qa3 Rc7 31.Bf1 b5 32.axb5 Nxb5 33.Qa5 Bxf1 34.Rxc7 Bd3 35.Rxg7+  1-0

[Event "SCO-ch"]
[Site "Edinburgh"]
[Date "1999.07.24"]
[Round "9"]
[White "Summerscale, Aaron"]
[Black "Arakhamia, Ketevan"]
[Result "1/2-1/2"]
[WhiteElo "2420"]
[BlackElo "2430"]

1.d4 Nf6 2.c4 g6 3.Nc3 Bg7 4.e4 d6 5.Nf3 O-O 6.Be2 e5 7.O-O Nc6 8.d5 Ne7
9.Ne1 Nd7 10.Be3 f5 11.f3 f4 12.Bf2 g5 13.a4 a5 14.Nd3  1/2-1/2

[Event "Dutch Open"]
[Site "Dieren"]
[Date "1999.07.26"]
[Round "7"]
[White "Van Wely, Loek"]
[Black "Golubev, Mihail"]
[Result "1-0"]
[WhiteElo "2629"]
[BlackElo "2532"]

1.d4 Nf6 2.c4 g6 3.Nc3 Bg7 4.e4 d6 5.Nf3 O-O 6.Be2 e5 7.O-O Nc6 8.d5 Ne7
9.b4 a5 10.Ba3 b6 11.bxa5 Rxa5 12.Bb4 Ra8 13.a4 Re8 14.Re1 Bf8 15.Bf1 c5
16.dxc6 Nxc6 17.Ba3 Bg4 18.h3 Bxf3 19.Qxf3 Nd4 20.Qd1 Nd7 21.Rb1 Nc5 22.Bc1 Bg7
23.g3 Ra6 24.h4 Qd7 25.Be3 Nxa4 26.Bxd4 exd4 27.Nxa4 Qxa4 28.Qxa4 Rxa4 29.Rxb6 Rd8
30.Reb1 Ra3 31.R1b5 h6 32.Rd5 Re8 33.Rdxd6 Rxe4 34.Rd8+ Kh7 35.Rb7 Rf3 36.Kg2 Rf6
37.h5 Re5 38.hxg6+ Kxg6 39.Bd3+ Kh5 40.Rg8 Rg5 41.Rb5  1-0

[Event "Dutch Open"]
[Site "Dieren"]
[Date "1999.07.28"]
[Round "9"]
[White "Savchenko, Stanislav"]
[Black "Ribshtein, Nati"]
[Result "1-0"]
[WhiteElo "2583"]
[BlackElo "2349"]

1.Nf3 Nf6 2.c4 g6 3.Nc3 Bg7 4.e4 d6 5.d4 O-O 6.Be2 e5 7.O-O Nc6 8.d5 Ne7
9.b4 Nh5 10.Re1 a5 11.bxa5 f5 12.a4 Nf6 13.Bf1 Rxa5 14.Nd2 c5 15.exf5 gxf5
16.Ra3 Ng6 17.Nb5 Ra6 18.Nf3 h6 19.Nd2 Kh7 20.g3 e4 21.f3 exf3 22.Nxf3 Ne4
23.Bd3 Ra8 24.Bc2 Bd7 25.Rae3 Rc8 26.Kg2 Qf6 27.Rf1 Qd8 28.Nd2 Nxd2 29.Bxd2 Qf6
30.Ref3 Qe7 31.R3f2 Rf7 32.Qe2 Qf8 33.Qh5 Re8 34.Nc7 Re5 35.Ne6 Bxe6 36.dxe6 Rf6
37.Rxf5 Rfxf5 38.Rxf5 Rxf5 39.Bxf5  1-0

[Event "Dutch Open"]
[Site "Dieren"]
[Date "1999.07.28"]
[Round "9"]
[White "Janssen, Ruud"]
[Black "Golubev, Mihail"]
[Result "0-1"]
[WhiteElo "2448"]
[BlackElo "2532"]

1.Nf3 d6 2.d4 Nf6 3.c4 g6 4.Nc3 Bg7 5.e4 O-O 6.Be2 e5 7.O-O Nc6 8.d5 Ne7
9.b4 a5 10.Ba3 axb4 11.Bxb4 b6 12.a4 Re8 13.Ne1 Bb7 14.Nc2 c5 15.Ba3 Rf8
16.Bb2 Bc8 17.Ra3 Bd7 18.Qd3 Ne8 19.Nb5 f5 20.f3 g5 21.Bc3 Ng6 22.Qd2 fxe4
23.fxe4 Nf6 24.Qe3 Nf4 25.Bd1 Qe7 26.Ne1 Rf7 27.a5 bxa5 28.Rxa5 Raf8 29.Nf3 g4
30.Nd2 Bh6 31.Qe1 Nd3 32.Qe2 Nc1 33.Qe1 Nxe4 34.Nf3 gxf3 35.Qxe4 Ne2+ 36.Kh1 Rf4  0-1

[Event "Korinthos op 3rd"]
[Site "Korinthos"]
[Date "1999.07.30"]
[Round "7"]
[White "Cvetkovic, Srdjan"]
[Black "Vouldis, Angelos"]
[Result "0-1"]
[WhiteElo "2416"]
[BlackElo "2496"]

1.c4 Nf6 2.Nc3 g6 3.e4 d6 4.d4 Bg7 5.Nf3 O-O 6.Be2 e5 7.O-O Nc6 8.d5 Ne7
9.Bg5 h6 10.Bxf6 Bxf6 11.b4 Kg7 12.c5 Ng8 13.a4 Be7 14.cxd6 Bxd6 15.Qb3 f5
16.Rac1 Nf6 17.Nd2 f4 18.Nb5 Rf7 19.Rc2 g5 20.Rfc1 g4 21.a5 Kh7 22.Nc4 f3
23.gxf3 gxf3 24.Bxf3 Bh3 25.Ncxd6 cxd6 26.Rc7 Nd7 27.Bg2 Bxg2 28.Kxg2 Qh4
29.Qe3 Raf8 30.R7c2 Nf6 31.f3 Rg8+ 32.Kh1 Nh5 33.Rg1 Ng3+ 34.Rxg3 Rxg3 35.Rf2 Rfg7  0-1

[Event "Lost Boys op"]
[Site "Antwerp"]
[Date "1999.08.01"]
[Round "3"]
[White "Chuchelov, Vladimir"]
[Black "Meessen, Rudolf"]
[Result "1-0"]
[WhiteElo "2535"]
[BlackElo "2315"]

1.Nf3 g6 2.d4 Nf6 3.c4 Bg7 4.Nc3 d6 5.e4 O-O 6.Be2 e5 7.O-O Nc6 8.d5 Ne7
9.Nd2 Ne8 10.b4 f5 11.c5 Kh8 12.a4 Ng8 13.a5 Nh6 14.Ba3 f4 15.Nc4 g5 16.b5 g4
17.g3 f3 18.Bd3 Rf6 19.b6 axb6 20.axb6 cxb6 21.cxd6 Nf7 22.Qb3 Ra6 23.Rfb1 Rh6
24.Bc1 Ng5 25.Rxa6 Nh3+ 26.Kf1 Nf4 27.gxf4 Rxh2 28.Ke1 g3 29.Be3 Qh4 30.Ra8 exf4
31.Bxb6 gxf2+ 32.Kd1 Qg4 33.Bf1 Rh1 34.Kc2  1-0

[Event "Lost Boys op"]
[Site "Antwerp"]
[Date "1999.08.01"]
[Round "3"]
[White "Savchenko, Stanislav"]
[Black "Ribshtein, Nati"]
[Result "1-0"]
[WhiteElo "2583"]
[BlackElo "2349"]

1.Nf3 Nf6 2.c4 g6 3.Nc3 Bg7 4.e4 d6 5.d4 O-O 6.Be2 e5 7.O-O Nc6 8.d5 Ne7
9.b4 Nh5 10.Re1 a5 11.bxa5 f5 12.Nd2 Nf4 13.Bf1 Rxa5 14.a4 c5 15.Nb5 Ra6
16.Ra3 g5 17.g3 Nfg6 18.exf5 Nxf5 19.Ne4 h6 20.Qh5 Nge7 21.h4 g4 22.Qxg4 Ne3
23.Qe2 Nxf1 24.Rxf1 Nf5 25.Qd1 Qe7 26.Bd2 Qf7 27.f4 Qe7 28.Re1 Re8 29.fxe5 Bxe5
30.Bc3 Qg7 31.Bxe5 Rxe5 32.Kh2 Qe7 33.Qg4+ Kh8 34.Qf4 Bd7 35.Re2 Qg7 36.Raa2 Bxb5
37.cxb5 Ra8 38.Nxd6 Rxe2+ 39.Rxe2 Nd4 40.Rf2 Rxa4 41.Ne8 Ne2 42.Rxe2 Rxf4
43.Nxg7  1-0

[Event "Aceimar op 6th"]
[Site "Mondariz Balneario"]
[Date "1999.08.03"]
[Round "8"]
[White "Lopez Martinez, Jose Manuel"]
[Black "Andrade, Leonardo"]
[Result "1-0"]
[WhiteElo "2378"]
[BlackElo "2183"]

1.d4 Nf6 2.c4 g6 3.Nc3 Bg7 4.e4 O-O 5.Be2 d6 6.Nf3 e5 7.O-O Nc6 8.d5 Ne7
9.Ne1 Nd7 10.Be3 f5 11.f3 f4 12.Bf2 g5 13.Rc1 Ng6 14.c5 Nf6 15.cxd6 cxd6
16.Nb5 g4 17.Nc7 g3 18.Nxa8 Nh5 19.Kh1 gxf2 20.Rxf2 Qh4 21.Kg1 Ne7 22.Nc7 Rf6
23.Ne6 Rh6 24.h3 Rg6 25.Qa4 Kf7 26.Nd3 Qxh3 27.Rxc8 Nxc8 28.Qd7+ Kf6 29.Qxc8 Rg3
30.Qd8+  1-0

[Event "MK Cafe Cup-B"]
[Site "Koszalin"]
[Date "1999.08.04"]
[Round "2"]
[White "Shneider, Aleksandr"]
[Black "Zyla, Janusz"]
[Result "1/2-1/2"]
[WhiteElo "2551"]
[BlackElo "2336"]

1.d4 Nf6 2.c4 g6 3.Nc3 Bg7 4.e4 d6 5.Be2 O-O 6.Nf3 e5 7.O-O Nc6 8.d5 Ne7
9.b4 c6 10.Nd2 a5 11.bxa5 Qxa5 12.Bb2 c5 13.Nb5 Ne8 14.a4 Bh6 15.Bc1 Qd8
16.Nb3 Bxc1 17.Qxc1 f5 18.f4 fxe4 19.fxe5 Rxf1+ 20.Bxf1 dxe5 21.Qg5 b6 22.Qxe5 Nf5
23.Qxe4 Bd7 24.Qe5 Bxb5 25.cxb5 Qf6 26.Qxf6 Nxf6 27.a5 Nxd5 28.axb6 Rb8 29.Nxc5 Nxb6
30.Ra7 Nd6 31.Re7 Nbc4 32.Ne6 Rxb5 33.Bxc4 Nxc4 34.Rg7+ Kh8 35.Rc7 Nd6 36.Rd7 Rb1+
37.Kf2 Ne4+ 38.Ke2 Rb8 39.Kf3 Re8 40.Nc7 Nd2+ 41.Kg4 Re5 42.Nd5 h5+ 43.Kg3 Nf1+  1/2-1/2